000
00289nam a2200121Ia 4500
008
190216s9999||||xx |||||||||||||| ||und||
100
_a
Maoria C B
245
0
_a
Principles And Practice Of Marketing Management
260
_b
Kitab Mahal
300
_a
916
650
_a
Commerce
942
_c
BK
999
_c
7072
_d
7072